Databank (Record no. 75863)

MARC details
000 -LEADER
fixed length control field 00807cab a2200169 4500
001 - CONTROL NUMBER
control field L130881
008 - FIXED-LENGTH DATA ELEMENTS--GENERAL INFORMATION
fixed length control field 050912n2005 000 0 eng u
035 ## - SYSTEM CONTROL NUMBER
System control number (Sirsi) u130881
041 0# - LANGUAGE CODE
Language code of text/sound track or separate title eng
245 00 - TITLE STATEMENT
Title Databank
Remainder of title private investor
260 ## - PUBLICATION, DISTRIBUTION, ETC.
Date of publication, distribution, etc. 2005
490 #0 - SERIES STATEMENT
Series statement Property Week
Volume/sequential designation 70(35) 2 September 2005, 27(1)
520 ## - SUMMARY, ETC.
Summary, etc. IPD figures show that equity returns are outstripping all property sectors. All-property returns slowed slightly in August 2005, with the retail market the poorest-performing sector while the office market continues to gain strength. Graphs showing investment market yields, capital growth and rental value growth over the last three months to August .
590 ## - LOCAL NOTE (RLIN)
Local note IKA130905
690 ## - LOCAL SUBJECT ADDED ENTRY--TOPICAL TERM (OCLC, RLIN)
Topical term or geographic name as entry element PROPERTY-COMMERCIAL PROPERTY-COMMERCIAL PROPERTY FINANCE AND INVESTMENT
942 ## - ADDED ENTRY ELEMENTS (KOHA)
Suppress in OPAC 0
Holdings
Withdrawn status Lost status Source of classification or shelving scheme Damaged status Not for loan Home library Current library Shelving location Date acquired Total Checkouts Full call number Barcode Date last seen Copy number Price effective from Koha item type
    Dewey Decimal Classification     London London Journal article 12/09/2005   L130881 130881-1001 06/08/2019 1 06/08/2019 Journal article